000 01187nam a2200265Ia 4500
003 OSt
005 20220930094755.0
006 a|||||r|||| 00| 0
007 ta
008 220926b |||||||| |||| 00| 0 san d
024 _a11282
037 _cTheses
040 _aCRL
_cCRL
_bsan
041 _2san
_asan
100 _aसंतोष कुमार, ले.
110 _aदिल्ली विश्वविद्यालय. कला संकाय. संस्कृत विभाग
_9556263
245 0 _aकाव्य - सर्जना
_b भारतीय पारम्परिक दृष्टि एवं क्रोचे का तुलनात्मक अध्ययन
246 _aKāvya - sarjanā: bhāratīya pāramparik dṛuṣhṭi evan kroche kā tulanātmak adhyayana
260 _c2013
300 _a178पृ0
_ap.
_ccm.
650 _aसंस्कृत साहित्य
700 _aदिल्ली विश्वविद्यालय. कला संकाय. संस्कृत विभाग
_9556264
942 _cDIS
_2CC
999 _c887662
_d887662